000 00995nam a2200229Ii 4500
003 JO-AjNU
008 230605s9999||||xx |||||||||||||| ||und||
017 _a2003/8/1791
020 _a9957-02-128-1
040 _aJO-AjNU
_bara
_erda
_cJO-AjNU
041 _aara
050 1 4 _aPN4748.A65.Y3622 2003
100 3 _aإعداد يعقوب، عبد الحليم موسى,
_eauthor
_933524
245 0 0 _aحرية التعبير الصحفي في ظل الأنظمة السياسية العربية: دراسة تحليلية مقارنة للصحف والقوانين السودانية والأردنية في الفترة من 1989م - 1999م
250 _aط1
264 3 1 _aعمان: دار مجدلاوي للنشر والتوزيع، 2003
300 _a376ص
336 _atext
_btxt
_2rdacontent
337 _aunmediated
_bn
_2rdamedia
338 _avolume
_bnc
_2rdacarrier
650 4 _aالصحافة - حرية الصحافة - حرية الإعلام - حرية التعبير
_933525
999 _aA13655
_c17223
_d17223